| 000 | 01266nam a2200337 a 4500 | ||
|---|---|---|---|
| 001 | 000112015 | ||
| 003 | CHAP | ||
| 005 | 20250613112249.0 | ||
| 008 | 151118s2015 mx a fsm |||||||spa d | ||
| 010 | _a108476 | ||
| 011 | _a109448 | ||
| 040 | _cCHAP | ||
| 090 | _aTesis | ||
| 100 | 1 |
_aMiranda Silvestre, Patricia _9130069 |
|
| 245 | 1 | 0 |
_aEstandarización de la producción de licores de piña agroecologica Don José / _h[En línea] _cpor Patricia Miranda Silvestre. |
| 260 |
_aChapingo, Méx. : _bEl autor, _c2015. |
||
| 500 | _aPara ver el contenido del material haga clic en la liga | ||
| 502 | _aTesis (Ing. Agroindustrial ) -- UACH. Departamento Ingeniería Agroindustrial | ||
| 590 |
_aBATCH-UPD _b05 _c20151119 _lUCH01 _h0907 |
||
| 590 |
_aE6096MTM _b05 _c20151118 _lUCH01 _h1058 |
||
| 590 |
_aE6096MTM _b05 _c20151118 _lUCH01 _h1103 |
||
| 590 |
_aE6096MTM _b05 _c20151119 _lUCH01 _h0906 |
||
| 650 | 1 | 4 |
_aLicor artesanal _xElaboración. _9130096 |
| 650 | 1 | 4 |
_aLicor artesanal _xIndustria. _9130095 |
| 650 | 1 | 7 |
_aPiña (Ananas comosus) _xProcesado _2 _988421 |
| 650 | 1 | 4 |
_aPiña (Ananas comosus) _xTecnología postcosecha _988425 |
| 856 |
_aFinding aid _uhttp://10.13.5.2/tesis/sist112015.pdf _zTeclea aquí |
||
| 901 | _aBK | ||
| 942 | _cTESIS | ||
| 942 | _n0 | ||
| 999 |
_c108476 _d108476 |
||